Basic economic and social program : For a dynamic welfare society

שמור ב:
מידע ביבליוגרפי
פורמט: ספר
שפה:Undetermined
יצא לאור: Tokyo MITI Information Office 1973
נושאים:
תגים: הוספת תג
אין תגיות, היה/י הראשונ/ה לתייג את הרשומה!
Thư viện lưu trữ: Trung tâm Học liệu Trường Đại học Cần Thơ
LEADER 00540nam a2200193Ia 4500
001 CTU_97005
008 210402s9999 xx 000 0 und d
082 |a 330.952 
082 |b B311 
245 0 |a Basic economic and social program : 
245 0 |b For a dynamic welfare society 
260 |a Tokyo 
260 |b MITI Information Office 
260 |c 1973 
650 |a Economics,Economics policy 
650 |x Sociological aspects 
650 |z Japan,Japan 
904 |i Năm 
980 |a Trung tâm Học liệu Trường Đại học Cần Thơ